000 00492 a2200193 4500
005 20240521124825.0
010 _aB-759136
020 _a9789354716379
_c350.00
035 _aB-759136
037 _bGift
082 _aS
100 _aBlabey, Aaron
_966630
245 _aThe Bad Guys Episode 17/
_cAaron Blabey
260 _aLondon
_bScholastic
_c2023
270 _aLondon
_bLondon
300 _a188 p.
_c19 cm(Pb)
942 _adpl
_cCH
_2ddc
_hS
_mBLA
999 _c203095
_d203095